Célèbres places françaises - Statistiques

Statistiques générales
  • Ce quiz a été pris 97 fois
  • Le résultat moyen est 5 sur 16
Statistiques - réponses
Par images Réponse % Correct
Place de la Concorde (Paris)
89%
Place Stanislas (Nancy)
71%
Place du Capitole (Toulouse)
63%
Place Vendôme (Paris)
47%
Grand-Place d'Arras
35%
Place du Tertre (Paris)
34%
Place des Vosges (Paris)
27%
Place de la République (Paris)
24%
Place de la Bourse (Bordeaux)
19%
Place des Terreaux (Lyon)
15%
Place Kléber (Strasbourg)
15%
Place du Général de Gaulle (Lille)
9%
Place Castellane (Marseille)
4%
Place de la Carrière (Nancy)
4%
Place Saint-Sulpice (Paris)
3%
Place du Cardinal-Luçon (Reims)
0%
Aucun quiz correspondant
Distribution des résultats
% des personnes avec chaque résultat
Percentile par nombre de réponses
Votre historique - résultats
Vous n’avez pas pris ce quiz